[Event "Bad Woerishofen op"]
[Site "?"]
[Date "2000.??.??"]
[Round "1"]
[White "Ruth, Walter"]
[Black "Schoen, Siegfried"]
[Result "1-0"]
[WhiteElo "1859"]
[BlackElo "1551"]
[Annotator "ChessOrg"]
[PlyCount "53"]
[EventDate "2000.??.??"]
[Source "ChessBase"]
[SourceDate "1998.04.29"]

1. Nf3 Nc6 2. d4 d5 3. e3 e6 4. c4 Bb4+ 5. Bd2 Nge7 6. Bxb4 Nxb4 7. a3 Nbc6 8.
Nc3 O-O 9. cxd5 exd5 10. Bd3 Bf5 11. O-O a6 12. Rc1 Qd7 13. Re1 Bxd3 14. Qxd3
f5 15. Rc2 Rf6 16. Ne2 Ng6 17. Rec1 Rc8 18. b4 Nce7 19. Nf4 Nxf4 20. exf4 c6
21. Ne5 Qc7 22. b5 axb5 23. Qxb5 Re6 24. Qb3 Ng6 25. Qxd5 Nxf4 26. Qf3 Nd5 27.
Qxd5 1-0

[Event "Bad Woerishofen op"]
[Site "?"]
[Date "2000.??.??"]
[Round "3"]
[White "Ruth, Walter"]
[Black "Geissler, Dieter"]
[Result "0-1"]
[WhiteElo "1859"]
[BlackElo "2072"]
[Annotator "ChessOrg"]
[PlyCount "50"]
[EventDate "2000.??.??"]
[Source "ChessBase"]
[SourceDate "1998.04.29"]

1. Nf3 Nf6 2. b3 g6 3. Bb2 Bg7 4. c4 O-O 5. g3 d5 6. Bg2 c6 7. O-O Re8 8. d3
Nbd7 9. Nbd2 e5 10. cxd5 Nxd5 11. a3 e4 12. dxe4 Bxb2 13. exd5 Bxa1 14. Qxa1
cxd5 15. Nd4 Nf6 16. e3 Qb6 17. h3 Bd7 18. Kh2 Qd6 19. Qb2 Rac8 20. Rd1 Qe7 21.
b4 Ba4 22. Re1 Ne4 23. Nxe4 dxe4 24. Bf1 Qf6 25. Kg2 Rc2 0-1

[Event "Bad Woerishofen op"]
[Site "?"]
[Date "2000.??.??"]
[Round "5"]
[White "Ruth, Walter"]
[Black "Bierbach, Utz"]
[Result "1-0"]
[WhiteElo "1859"]
[BlackElo "1756"]
[Annotator "ChessOrg"]
[PlyCount "45"]
[EventDate "2000.??.??"]
[Source "ChessBase"]
[SourceDate "1998.04.29"]

1. Nf3 g6 2. d4 d5 3. e3 Bg7 4. c4 c6 5. Nc3 Nf6 6. b3 O-O 7. Bd3 Re8 8. O-O
Nbd7 9. Bb2 a6 10. Qc2 Nf8 11. Rac1 dxc4 12. bxc4 Bg4 13. Be2 Rc8 14. h3 Bd7
15. Ne5 Rc7 16. Nxd7 Rxd7 17. Bf3 Ne6 18. g3 Ng5 19. Bg2 e5 20. dxe5 Rd2 21.
Qb3 Rxe5 22. Nb1 Rd3 23. Rcd1 1-0

[Event "Bad Woerishofen op"]
[Site "?"]
[Date "2000.??.??"]
[Round "8"]
[White "Ruth, Walter"]
[Black "Junker, Wilfried"]
[Result "1/2-1/2"]
[WhiteElo "1859"]
[BlackElo "1750"]
[Annotator "ChessOrg"]
[PlyCount "40"]
[EventDate "2000.??.??"]
[Source "ChessBase"]
[SourceDate "1998.04.29"]

1. Nf3 b6 2. b3 Bb7 3. e3 e6 4. Bb2 Nf6 5. c4 c5 6. Be2 Be7 7. O-O O-O 8. Nc3
d5 9. cxd5 Nxd5 10. a3 Bf6 11. Qc2 Nxc3 12. Bxc3 Bxc3 13. Qxc3 Nd7 14. d4 cxd4
15. Qxd4 Nf6 16. Rfd1 Qe7 17. Qd6 Qxd6 18. Rxd6 Rfd8 19. Rad1 Rxd6 20. Rxd6 Kf8
1/2-1/2

[Event "Bad Woerishofen op"]
[Site "?"]
[Date "2000.??.??"]
[Round "1"]
[White "Schampel, Arno"]
[Black "Malik, Rosemarie"]
[Result "1-0"]
[WhiteElo "1807"]
[BlackElo "1248"]
[Annotator "ChessOrg"]
[PlyCount "165"]
[EventDate "2000.??.??"]
[Source "ChessBase"]
[SourceDate "1998.04.29"]

1. d4 d5 2. c4 Nf6 3. Nc3 e6 4. Bg5 Be7 5. e3 Nbd7 6. cxd5 Nxd5 7. Bxe7 Qxe7 8.
Nf3 a6 9. Rc1 c6 10. Bd3 b5 11. O-O O-O 12. a3 Bb7 13. Qc2 h6 14. Rfe1 N7f6 15.
Ne5 Rac8 16. Qe2 Nd7 17. Nxd7 Qxd7 18. Ne4 Qe7 19. Nc5 Nf6 20. Rc2 a5 21. Rec1
Ba8 22. Nb3 a4 23. Nc5 Rfe8 24. Na6 Nd5 25. Bxb5 Qd6 26. Bxa4 Bb7 27. Nc5 Ba8
28. Ne4 Qd7 29. Rc5 Nb6 30. Bc2 Nd5 31. Qd3 f5 32. Nd2 Qf7 33. Nf3 Qh5 34. Bd1
Ne7 35. Ne5 Qg5 36. f4 Qf6 37. Bf3 Qh4 38. Qb3 Nd5 39. Qd3 Ne7 40. g3 Qf6 41.
Nd7 Qg6 42. Nb6 Rc7 43. Nxa8 Rxa8 44. b4 Rca7 45. R1c3 Nd5 46. Bxd5 cxd5 47.
Rc8+ Rxc8 48. Rxc8+ Kh7 49. b5 Qf7 50. Rc5 Qb7 51. Qb3 Qb6 52. Rc6 Qa5 53. Rc3
Rc7 54. Rc2 Rxc2 55. Qxc2 Qxb5 56. Kf2 Qa5 57. a4 h5 58. Ke2 Qa6+ 59. Ke1 Qa5+
60. Kd1 Kg8 61. Qb3 Qa6 62. Qb5 Qc8 63. Kd2 Kf7 64. a5 Ke7 65. Qc5+ Kd7 66.
Qxc8+ Kxc8 67. Kc3 Kb7 68. Kb4 Kc6 69. h4 g6 70. a6 Kb6 71. a7 Kxa7 72. Kc5 Ka6
73. Kd6 Kb5 74. Kxe6 Kc4 75. Ke5 Kd3 76. Kxd5 Kxe3 77. Ke5 Kf3 78. d5 Kxg3 79.
d6 Kxh4 80. d7 Kg4 81. d8=Q Kg3 82. Qg5+ Kf3 83. Qxg6 1-0

[Event "Bad Woerishofen op"]
[Site "?"]
[Date "2000.??.??"]
[Round "3"]
[White "Schampel, Arno"]
[Black "Weber, Siegfried"]
[Result "1/2-1/2"]
[WhiteElo "1807"]
[BlackElo "1651"]
[Annotator "ChessOrg"]
[PlyCount "126"]
[EventDate "2000.??.??"]
[Source "ChessBase"]
[SourceDate "1998.04.29"]

1. d4 g6 2. c4 Bg7 3. Nf3 d6 4. Bf4 Nf6 5. h3 Nbd7 6. Nc3 O-O 7. e3 c5 8. Be2
a6 9. O-O Qc7 10. d5 Ne8 11. Qd2 f5 12. e4 fxe4 13. Nxe4 Ndf6 14. Nc3 Bd7 15.
Rfe1 Qd8 16. Bf1 Nc7 17. Bh6 b5 18. Bxg7 Kxg7 19. b3 b4 20. Nd1 Nh5 21. Re3 e5
22. dxe6 Bxe6 23. Nb2 Nf4 24. Rae1 Qe7 25. Nd3 Nxd3 26. Rxd3 Rad8 27. Ng5 h6
28. Nxe6+ Nxe6 29. Rde3 Rf6 30. Qd5 Re8 31. Bd3 Qd7 32. Qe4 Nc7 33. Qe7+ Rxe7
34. Rxe7+ Qxe7 35. Rxe7+ Rf7 36. Re3 g5 37. Be4 Re7 38. Kf1 Kf6 39. Rf3+ Kg7
40. Bd3 Re5 41. Rg3 Ne6 42. h4 Nf4 43. hxg5 hxg5 44. Rf3 a5 45. g3 Ne6 46. Bb1
Nd4 47. Rd3 g4 48. Rd2 Kf6 49. Bc2 Ke7 50. Bd1 Rg5 51. Rd3 Kf6 52. Re3 Ne6 53.
Ke2 Nd4+ 54. Kd3 Rf5 55. Bxg4 Rxf2 56. Be2 Kg5 57. Re8 Rg2 58. g4 Nxe2 59. Rxe2
Rxe2 60. Kxe2 Kxg4 61. Ke3 Kf5 62. Kf3 Ke5 63. Ke3 Kf5 1/2-1/2

[Event "Bad Woerishofen op"]
[Site "?"]
[Date "2000.??.??"]
[Round "5"]
[White "Schampel, Arno"]
[Black "Miessner, Rolf"]
[Result "1-0"]
[WhiteElo "1807"]
[BlackElo "1750"]
[Annotator "ChessOrg"]
[PlyCount "43"]
[EventDate "2000.??.??"]
[Source "ChessBase"]
[SourceDate "1998.04.29"]

1. d4 Nf6 2. c4 e6 3. Bg5 Be7 4. Nc3 d5 5. e3 O-O 6. cxd5 exd5 7. Bd3 Nbd7 8.
Qc2 h6 9. Bh4 c6 10. Nge2 Re8 11. O-O-O b5 12. f3 a5 13. g4 g5 14. Bf2 Nb6 15.
Ng3 Bf8 16. h4 Ne4 17. Ngxe4 dxe4 18. Nxe4 Nd5 19. hxg5 hxg5 20. Rh5 f6 21.
Nxg5 fxg5 22. Bh7+ 1-0

[Event "Bad Woerishofen op"]
[Site "?"]
[Date "2000.??.??"]
[Round "7"]
[White "Schampel, Arno"]
[Black "Reer, Erdmann"]
[Result "1-0"]
[WhiteElo "1807"]
[BlackElo "2158"]
[Annotator "ChessOrg"]
[PlyCount "51"]
[EventDate "2000.??.??"]
[Source "ChessBase"]
[SourceDate "1998.04.29"]

1. d4 d5 2. c4 c6 3. cxd5 cxd5 4. Nc3 Nf6 5. Nf3 Nc6 6. Bf4 e6 7. e3 Bd6 8. Bg5
O-O 9. Rc1 Bd7 10. Bd3 Rc8 11. O-O a6 12. a3 h6 13. Bh4 Be7 14. h3 Ne8 15. Bxe7
Qxe7 16. e4 dxe4 17. Nxe4 Nd6 18. Nc5 Rfd8 19. Re1 Qf6 20. Nxd7 Rxd7 21. Ne5
Rdc7 22. Nxc6 Rxc6 23. Rxc6 Rxc6 24. d5 exd5 25. Qb3 d4 26. Qxb7 1-0

[Event "Bad Woerishofen op"]
[Site "Bad Woerishofen"]
[Date "2000.??.??"]
[Round "9"]
[White "Schampel, Arno"]
[Black "Limberg, Siegfried"]
[Result "0-1"]
[WhiteElo "1807"]
[BlackElo "1980"]
[Annotator "ChessOrg"]
[PlyCount "140"]
[EventDate "1998.03.05"]
[Source "ChessBase"]
[SourceDate "1998.04.29"]

1. d4 Nf6 2. c4 e6 3. Bg5 h6 4. Bh4 d5 5. e3 Be7 6. Nc3 O-O 7. cxd5 exd5 8. Bd3
c6 9. Qc2 Re8 10. Nge2 Nbd7 11. O-O-O Qa5 12. f3 b5 13. e4 Nxe4 14. Nxe4 dxe4
15. Be1 Qxa2 16. Bxe4 Bb7 17. Nc3 Bg5+ 18. Bd2 Qa1+ 19. Nb1 Bxd2+ 20. Rxd2 Nb6
21. Re2 Red8 22. Rhe1 Nc4 23. Bd3 Nd6 24. Qc5 g6 25. Re7 Bc8 26. g4 Be6 27.
Bxg6 Kf8 28. R7xe6 fxe6 29. Rxe6 Qa2 30. Rf6+ Kg8 31. Rxd6 Rxd6 32. Qxd6 Qc4+
33. Bc2 Qf1+ 34. Bd1 Qc4+ 35. Kd2 b4 36. Qg6+ Kf8 37. Qxh6+ Ke7 38. Qe3+ Kd7
39. Bb3 Qf1 40. Be6+ Kc7 41. Qe5+ Kb7 42. Qe4 Rd8 43. d5 a5 44. Kc2 Qf2+ 45.
Nd2 Kb6 46. Qe3+ Qxe3 47. Nc4+ Kc5 48. Nxe3 cxd5 49. Nxd5 Rh8 50. Kd3 a4 51.
Nf4 Rxh2 52. Ke4 Kd6 53. Bc4 Rxb2 54. Nd3 Rc2 55. Bb5 b3 56. Bxa4 Rc4+ 57. Kf5
Rxa4 58. Nb2 Ra2 59. Nd1 Rd2 60. Nc3 Rc2 61. Nb1 Rc1 62. Nd2 b2 63. g5 b1=Q+
64. Nxb1 Rxb1 65. f4 Ke7 66. Kg6 Rb6+ 67. Kg7 Ke6 68. Kg6 Rb5 69. Kh7 Rb7+ 70.
Kh6 Kf5 0-1

[Event "Bad Woerishofen op"]
[Site "?"]
[Date "2000.??.??"]
[Round "2"]
[White "Scheerer, Helmut"]
[Black "Weigel, Herbert"]
[Result "1/2-1/2"]
[WhiteElo "1840"]
[BlackElo "2188"]
[Annotator "ChessOrg"]
[PlyCount "48"]
[EventDate "2000.??.??"]
[Source "ChessBase"]
[SourceDate "1998.04.29"]

1. e4 c5 2. Nf3 d6 3. d4 cxd4 4. Nxd4 Nf6 5. Nc3 Nc6 6. Be2 e5 7. Nb3 Be7 8.
Be3 O-O 9. O-O a5 10. a3 Be6 11. Nd2 d5 12. exd5 Nxd5 13. Nxd5 Bxd5 14. Bc4
Bxc4 15. Nxc4 b5 16. Nb6 Ra6 17. Nd7 Re8 18. c3 Qc8 19. Nb6 Qb7 20. Qd7 Qxd7
21. Nxd7 a4 22. Rad1 f6 23. Rd5 Rd8 24. Rfd1 Kf7 1/2-1/2

[Event "Bad Woerishofen op"]
[Site "?"]
[Date "2000.??.??"]
[Round "4"]
[White "Scheerer, Helmut"]
[Black "Oldach, Ehrenfried"]
[Result "1/2-1/2"]
[WhiteElo "1840"]
[BlackElo "2082"]
[Annotator "ChessOrg"]
[PlyCount "35"]
[EventDate "2000.??.??"]
[Source "ChessBase"]
[SourceDate "1998.04.29"]

1. e4 e5 2. Nf3 Nc6 3. Bc4 Be7 4. Nc3 Nf6 5. d3 d6 6. O-O Na5 7. Bb3 Nxb3 8.
axb3 O-O 9. h3 a6 10. Nh2 d5 11. Qe2 d4 12. Nb1 Ne8 13. f4 exf4 14. Bxf4 f6 15.
Nd2 Bd6 16. Qf2 Bxf4 17. Qxf4 Qd6 18. Qxd6 1/2-1/2

[Event "Bad Woerishofen op"]
[Site "?"]
[Date "2000.??.??"]
[Round "6"]
[White "Scheerer, Helmut"]
[Black "Schurig, Wilhelm"]
[Result "0-1"]
[WhiteElo "1840"]
[BlackElo "2150"]
[Annotator "ChessOrg"]
[PlyCount "66"]
[EventDate "2000.??.??"]
[Source "ChessBase"]
[SourceDate "1998.04.29"]

1. e4 g6 2. d4 Bg7 3. Nf3 d6 4. Bc4 e6 5. Be3 a6 6. c3 Nd7 7. Nbd2 Ne7 8. O-O
Nf6 9. h3 O-O 10. Nh2 b6 11. f4 Nxe4 12. Nxe4 d5 13. Bd3 dxe4 14. Bxe4 Rb8 15.
Nf3 Bb7 16. Bxb7 Rxb7 17. Ne5 Nd5 18. Qf3 Qc8 19. Bd2 c5 20. Rac1 Rc7 21. dxc5
Rxc5 22. c4 Bxe5 23. fxe5 Rxc4 24. Bh6 b5 25. Rxc4 bxc4 26. Bxf8 Qxf8 27. Qf2
c3 28. bxc3 Nxc3 29. Rc1 Nd5 30. Qb2 Qh6 31. Rf1 Qf8 32. Qf2 Qe7 33. Qa7 Qxa7+
0-1

[Event "Bad Woerishofen op"]
[Site "?"]
[Date "2000.??.??"]
[Round "8"]
[White "Scheerer, Helmut"]
[Black "Buchner, Matthias"]
[Result "1/2-1/2"]
[WhiteElo "1840"]
[BlackElo "1683"]
[Annotator "ChessOrg"]
[PlyCount "55"]
[EventDate "2000.??.??"]
[Source "ChessBase"]
[SourceDate "1998.04.29"]

1. e4 c5 2. Nf3 Nc6 3. d4 cxd4 4. Nxd4 e6 5. Nb5 d6 6. c4 a6 7. Nd4 Nxd4 8.
Qxd4 Qa5+ 9. Bd2 Qc5 10. Qxc5 dxc5 11. Be2 Be7 12. O-O Nf6 13. Nc3 O-O 14. e5
Nd7 15. f4 Rb8 16. Rad1 Nb6 17. b3 Bd7 18. Bf3 Rfc8 19. Ne4 Bc6 20. Ba5 Nd7 21.
Nd6 Bxf3 22. Rxf3 Bxd6 23. Rxd6 b6 24. Rxd7 bxa5 25. Rfd3 g6 26. Ra7 Ra8 27.
Rxa8 Rxa8 28. Rd6 1/2-1/2

[Event "Bad Woerishofen op"]
[Site "?"]
[Date "2000.??.??"]
[Round "2"]
[White "Scheib, Ernst"]
[Black "Servaty, Rudolf"]
[Result "0-1"]
[WhiteElo "1500"]
[BlackElo "2274"]
[Annotator "ChessOrg"]
[PlyCount "102"]
[EventDate "2000.??.??"]
[Source "ChessBase"]
[SourceDate "1998.04.29"]

1. c4 c5 2. Nc3 Nc6 3. g3 d6 4. Bg2 g6 5. a3 Bg7 6. e3 e6 7. Nge2 Nge7 8. O-O
O-O 9. d4 a6 10. dxc5 dxc5 11. Qxd8 Rxd8 12. Rd1 Rxd1+ 13. Nxd1 Na5 14. Rb1 Nb3
15. Ndc3 Rb8 16. Be4 Bd7 17. Bc2 Nxc1 18. Rxc1 Bc6 19. e4 b5 20. cxb5 axb5 21.
b4 cxb4 22. axb4 Be8 23. f4 Nc6 24. Rb1 Nd4 25. Bd3 Rd8 26. Rd1 Nxe2+ 27. Nxe2
Bf8 28. Bc2 Rxd1+ 29. Bxd1 Bxb4 30. Bb3 Bc5+ 31. Kf1 Bc6 32. e5 b4 33. Nc1 Bb5+
34. Ke1 Kf8 35. h3 Ke8 36. h4 h5 37. Bd1 Kd7 38. Nb3 Be7 39. Nd4 Bc4 40. Ba4+
Kc7 41. Kd2 Bc5 42. Nb5+ Kb6 43. Nd6 Bd5 44. Bc2 Bxd6 45. exd6 Kc6 46. d7 Kxd7
47. Kd3 Kd6 48. Kd4 b3 49. Bb1 f5 50. Bd3 Be4 51. Bxe4 fxe4 0-1

[Event "Bad Woerishofen op"]
[Site "?"]
[Date "2000.??.??"]
[Round "4"]
[White "Scheib, Ernst"]
[Black "Puls, Harry"]
[Result "1/2-1/2"]
[WhiteElo "1500"]
[BlackElo "1616"]
[Annotator "ChessOrg"]
[PlyCount "103"]
[EventDate "2000.??.??"]
[Source "ChessBase"]
[SourceDate "1998.04.29"]

1. c4 e5 2. Nc3 Nc6 3. g3 Nf6 4. Bg2 Bc5 5. e3 O-O 6. Nge2 Re8 7. O-O d6 8. h3
Be6 9. d3 Qd7 10. Kh2 Rad8 11. a3 a6 12. b4 Ba7 13. Nd5 Bxd5 14. cxd5 Ne7 15.
e4 h6 16. f4 exf4 17. Nxf4 Bd4 18. Ra2 c6 19. Ne2 Ba7 20. Bb2 Nh7 21. dxc6 bxc6
22. Qb3 Rf8 23. Qc4 Qb7 24. Bd4 d5 25. Qc3 Bxd4 26. Nxd4 Nf6 27. e5 Nh7 28. h4
Rc8 29. Bh3 Rce8 30. Raf2 Qb6 31. Nf5 Nxf5 32. Bxf5 g6 33. Bh3 d4 34. Qc4 Re7
35. e6 f6 36. Qc1 Kg7 37. Qf4 c5 38. Qd2 f5 39. bxc5 Qxc5 40. h5 Ng5 41. hxg6
Nxh3 42. Kxh3 Rxe6 43. a4 Re3 44. Rf3 Rxf3 45. Rxf3 Kxg6 46. Qf4 h5 47. Rf1 Re8
48. Rc1 Qd5 49. Qc7 Re6 50. Qb8 Qe5 51. Qg8+ Kh6 52. Qf8+ 1/2-1/2

[Event "Bad Woerishofen op"]
[Site "?"]
[Date "2000.??.??"]
[Round "6"]
[White "Scheib, Ernst"]
[Black "Nygaard, Kaare"]
[Result "1-0"]
[WhiteElo "1500"]
[BlackElo "1238"]
[Annotator "ChessOrg"]
[PlyCount "115"]
[EventDate "2000.??.??"]
[Source "ChessBase"]
[SourceDate "1998.04.29"]

1. c4 e5 2. Nc3 Nf6 3. g3 c6 4. Bg2 Be7 5. d3 d6 6. Nf3 O-O 7. O-O h6 8. h3 Re8
9. a3 a5 10. b3 Nbd7 11. e3 Nc5 12. Qe2 Bf8 13. d4 exd4 14. Nxd4 Qc7 15. Bd2
Ne6 16. Nf3 Nc5 17. Rfe1 Nce4 18. Nh2 Nxd2 19. Qxd2 Bd7 20. e4 Re7 21. Kh1 g6
22. f4 Bg7 23. Rad1 Ne8 24. a4 Qb6 25. Qc2 Qb4 26. Ne2 Qb6 27. Qd3 Rd8 28. g4
c5 29. Kg1 Bc6 30. Ng3 Bd4+ 31. Kh1 Qc7 32. Re2 Ng7 33. f5 Re5 34. Nf3 Ree8 35.
Nxd4 cxd4 36. Qxd4 Re5 37. fxg6 fxg6 38. Bf3 Ne6 39. Qe3 Ng5 40. Kg2 Rf8 41.
Rf1 Kh7 42. h4 Ne6 43. Ref2 Nc5 44. Re1 Qb6 45. Bd1 Rxf2+ 46. Qxf2 Kg7 47. Bc2
Qd8 48. Kh3 Bd7 49. Rf1 Re7 50. Qf6+ Kh7 51. e5 Be8 52. exd6 Rd7 53. Qxd8 Rxd8
54. Rd1 Bd7 55. h5 Kg7 56. hxg6 Re8 57. Nh5+ Kf8 58. Rf1+ 1-0

[Event "Bad Woerishofen op"]
[Site "?"]
[Date "2000.??.??"]
[Round "1"]
[White "Scheidt, Eugen"]
[Black "Block, Herbert"]
[Result "1-0"]
[WhiteElo "1917"]
[BlackElo "1616"]
[Annotator "ChessOrg"]
[PlyCount "77"]
[EventDate "2000.??.??"]
[Source "ChessBase"]
[SourceDate "1998.04.29"]

1. e4 c5 2. Nf3 d6 3. d4 cxd4 4. Nxd4 a6 5. Bd3 Nf6 6. O-O Nc6 7. c3 e5 8. Nf5
g6 9. Ng3 h5 10. h3 Be7 11. Na3 h4 12. Ne2 d5 13. exd5 Nxd5 14. f4 Qb6+ 15. Kh1
Ne3 16. Bxe3 Qxe3 17. Nc4 Qc5 18. b4 Qa7 19. Nxe5 Be6 20. Nxc6 bxc6 21. Qa4 Bd7
22. Qc2 Qb7 23. f5 g5 24. Be4 Qc7 25. f6 Bd6 26. Bf5 O-O-O 27. Rad1 g4 28. Ng1
gxh3 29. Nxh3 Be5 30. c4 Kb7 31. Bxd7 Rxd7 32. Rxd7 Qxd7 33. b5 axb5 34. cxb5
Rd8 35. bxc6+ Qxc6 36. Qb3+ Ka6 37. Qa3+ Kb7 38. Rb1+ Kc7 39. Rc1 1-0

[Event "Bad Woerishofen op"]
[Site "?"]
[Date "2000.??.??"]
[Round "3"]
[White "Scheidt, Eugen"]
[Black "Moeckel, Edgar"]
[Result "1/2-1/2"]
[WhiteElo "1917"]
[BlackElo "2106"]
[Annotator "ChessOrg"]
[PlyCount "44"]
[EventDate "2000.??.??"]
[Source "ChessBase"]
[SourceDate "1998.04.29"]

1. e4 d5 2. exd5 Qxd5 3. Nc3 Qa5 4. Nf3 Nf6 5. d4 c6 6. Bd2 Bf5 7. Be2 Nbd7 8.
b4 Qc7 9. O-O e6 10. a3 a6 11. Nh4 Bg6 12. f4 Bd6 13. g3 O-O 14. Nxg6 hxg6 15.
Na4 b5 16. Nc5 Nb6 17. Bd3 Rfd8 18. Qe2 Bxc5 19. dxc5 Nbd5 20. Rad1 Rd7 21.
Rfe1 Re8 22. Qf3 Qc8 1/2-1/2

[Event "Bad Woerishofen op"]
[Site "?"]
[Date "2000.??.??"]
[Round "5"]
[White "Scheidt, Eugen"]
[Black "Geissler, Dieter"]
[Result "1-0"]
[WhiteElo "1917"]
[BlackElo "2072"]
[Annotator "ChessOrg"]
[PlyCount "65"]
[EventDate "2000.??.??"]
[Source "ChessBase"]
[SourceDate "1998.04.29"]

1. e4 e5 2. Nf3 Nc6 3. Bb5 a6 4. Ba4 Nf6 5. O-O b5 6. Bb3 Be7 7. Re1 O-O 8. c3
d5 9. d3 Bg4 10. Bg5 dxe4 11. dxe4 Qe8 12. Qe2 h6 13. Bxf6 Bxf6 14. Bd5 Rb8 15.
Bxc6 Qxc6 16. Nxe5 Bxe5 17. Qxg4 b4 18. Qe2 bxc3 19. Nxc3 Rb4 20. Nd5 Qd6 21.
Nxb4 Qxb4 22. Rab1 Rb8 23. Qxa6 Bd4 24. Re2 Qc5 25. g3 g6 26. b3 Rb6 27. Qa8+
Kg7 28. Qd5 Qc3 29. Rf1 Rc6 30. Kg2 Rc5 31. Qd7 Qd3 32. Re3 Qd2 33. Rf3 1-0

[Event "Bad Woerishofen op"]
[Site "?"]
[Date "2000.??.??"]
[Round "7"]
[White "Scheidt, Eugen"]
[Black "Delander, Adolf"]
[Result "1/2-1/2"]
[WhiteElo "1917"]
[BlackElo "2327"]
[Annotator "ChessOrg"]
[PlyCount "23"]
[EventDate "2000.??.??"]
[Source "ChessBase"]
[SourceDate "1998.04.29"]

1. c4 c6 2. Nc3 d5 3. d4 Nf6 4. Nf3 dxc4 5. a4 Bf5 6. e3 e6 7. Bxc4 Bb4 8. O-O
Nbd7 9. Qb3 a5 10. Rd1 Qc7 11. Bd2 O-O 12. Rac1 1/2-1/2

[Event "Bad Woerishofen op"]
[Site "?"]
[Date "2000.??.??"]
[Round "9"]
[White "Scheidt, Eugen"]
[Black "Schmitzer, Horst"]
[Result "1/2-1/2"]
[WhiteElo "1917"]
[BlackElo "2252"]
[Annotator "ChessOrg"]
[PlyCount "40"]
[EventDate "2000.??.??"]
[Source "ChessBase"]
[SourceDate "1998.04.29"]

1. c4 c6 2. d4 d5 3. e3 Nf6 4. Nc3 g6 5. Nf3 Bg7 6. Bd3 O-O 7. O-O Bg4 8. h3
Bxf3 9. Qxf3 dxc4 10. Bxc4 Nbd7 11. Rd1 e5 12. dxe5 Nxe5 13. Qe2 Qe7 14. Bb3
Rad8 15. Bd2 Nd3 16. Be1 Nxe1 17. Qxe1 Ne4 18. Nxe4 Qxe4 19. Rxd8 Rxd8 20. Qa5
Qe7 1/2-1/2

[Event "Bad Woerishofen op"]
[Site "?"]
[Date "2000.??.??"]
[Round "1"]
[White "Schmid, Hermann"]
[Black "Niebaum, Karl"]
[Result "1-0"]
[WhiteElo "2200"]
[BlackElo "1787"]
[Annotator "ChessOrg"]
[PlyCount "117"]
[EventDate "2000.??.??"]
[Source "ChessBase"]
[SourceDate "1998.04.29"]

1. d4 d5 2. Nf3 Nf6 3. e3 e6 4. Bd3 c5 5. c3 Nc6 6. Nbd2 cxd4 7. exd4 Bd6 8.
O-O O-O 9. Re1 Qc7 10. Nf1 e5 11. dxe5 Nxe5 12. Nxe5 Bxe5 13. h3 h6 14. Be3 Bd7
15. Nd2 b5 16. Nf3 Bd6 17. Bd4 Ne4 18. Bxe4 dxe4 19. Rxe4 Bc6 20. Re1 Rad8 21.
Qd3 Qb7 22. Rad1 Rd7 23. Qf5 Rfd8 24. Qg4 f6 25. Nh4 Be5 26. Bxe5 Rxd1 27. Rxd1
Rxd1+ 28. Qxd1 fxe5 29. Qd8+ Kh7 30. Nf5 Qd7 31. Qxd7 Bxd7 32. Ne3 Be6 33. b3
Kg6 34. h4 h5 35. Kf1 Kf7 36. Ke2 Bd7 37. Kd3 Bc6 38. b4 Ke6 39. c4 g6 40. cxb5
Bxb5+ 41. Kc3 a6 42. Kb3 e4 43. g3 Ke5 44. Kc3 Bc6 45. Kc4 Ba4 46. Kc5 Bb5 47.
Nc4+ Kf6 48. Nd6 Bd3 49. a4 Ke5 50. b5 axb5 51. axb5 Bxb5 52. Nxb5 e3 53. fxe3
Ke4 54. Nd6+ Kxe3 55. Kd5 Kf3 56. Ne4 Kg4 57. Ke6 Kf3 58. Ke5 Ke3 59. Ng5 1-0

[Event "Bad Woerishofen op"]
[Site "?"]
[Date "2000.??.??"]
[Round "3"]
[White "Schmid, Hermann"]
[Black "Schuler, Georg"]
[Result "0-1"]
[WhiteElo "2200"]
[BlackElo "1919"]
[Annotator "ChessOrg"]
[PlyCount "90"]
[EventDate "2000.??.??"]
[Source "ChessBase"]
[SourceDate "1998.04.29"]

1. d4 Nf6 2. Nf3 b6 3. e3 Bb7 4. Bd3 g6 5. Nbd2 d5 6. Ne5 Bg7 7. O-O O-O 8. f4
Ba6 9. Qf3 Bxd3 10. Nxd3 Nbd7 11. c3 e6 12. g4 c5 13. g5 Nh5 14. Qh3 cxd4 15.
exd4 Rc8 16. Nf3 b5 17. Bd2 Nb6 18. Rae1 Nc4 19. Bc1 Nd6 20. Nc5 Nf5 21. Kg2
Qd6 22. Ng1 b4 23. Ne2 Rfe8 24. Ng3 Nhxg3 25. hxg3 bxc3 26. bxc3 Rxc5 27. Ba3
Bxd4 28. g4 Ng7 29. Rh1 Qxf4 30. Qxh7+ Kf8 31. cxd4 Qxg4+ 32. Kh2 Qf4+ 33. Kh3
Qf3+ 34. Kh2 Qxa3 35. dxc5 Qxa2+ 36. Kg1 Qd2 37. Qh4 Nh5 38. Rh2 Qc3 39. Qf2
Kg8 40. Rf1 Re7 41. Rb1 Rc7 42. Rb8+ Kg7 43. Rxh5 gxh5 44. g6 f6 45. Qe2 Qxc5+
0-1

[Event "Bad Woerishofen op"]
[Site "?"]
[Date "2000.??.??"]
[Round "5"]
[White "Schmid, Hermann"]
[Black "Bakalarozyk, Wtodzim"]
[Result "1-0"]
[WhiteElo "2200"]
[BlackElo "2000"]
[Annotator "ChessOrg"]
[PlyCount "105"]
[EventDate "2000.??.??"]
[Source "ChessBase"]
[SourceDate "1998.04.29"]

1. d4 Nf6 2. Nf3 d6 3. Bf4 g6 4. e3 Bg7 5. Be2 O-O 6. h3 Bf5 7. Nbd2 Nd5 8. Bg3
Nf6 9. O-O Nc6 10. c3 Re8 11. Bb5 a6 12. Ba4 b5 13. Bc2 Bxc2 14. Qxc2 d5 15.
Rad1 Nh5 16. Bh2 f5 17. b3 Rc8 18. c4 e6 19. cxb5 Nb4 20. Qc3 c5 21. a3 cxd4
22. Qxb4 dxe3 23. fxe3 Qb6 24. Rfe1 Bf8 25. Qd4 Bc5 26. Qe5 Bxa3 27. bxa6 Bf8
28. Nf1 Qxa6 29. Rc1 Rc6 30. Rxc6 Qxc6 31. Qb2 Qb6 32. Be5 Ra8 33. Nd4 g5 34.
Qe2 Ng7 35. Qb5 Qxb5 36. Nxb5 Kf7 37. Rc1 h5 38. Rc7+ Kg6 39. Nd4 Ra6 40. b4
Ne8 41. Rb7 Nd6 42. b5 Ra1 43. Bxd6 Bxd6 44. Rb6 Bc5 45. Rxe6+ Kf7 46. Re5 f4
47. Nb3 Bxe3+ 48. Rxe3 fxe3 49. Nxa1 e2 50. Kf2 exf1=Q+ 51. Kxf1 Ke6 52. Ke2
Kd6 53. Nb3 1-0

[Event "Bad Woerishofen op"]
[Site "?"]
[Date "2000.??.??"]
[Round "7"]
[White "Schmid, Hermann"]
[Black "Limberg, Siegfried"]
[Result "1-0"]
[WhiteElo "2200"]
[BlackElo "1980"]
[Annotator "ChessOrg"]
[PlyCount "43"]
[EventDate "2000.??.??"]
[Source "ChessBase"]
[SourceDate "1998.04.29"]

1. d4 Nf6 2. Nf3 e6 3. e3 b6 4. Nbd2 Bb7 5. Bd3 d5 6. Ne5 c5 7. c3 Bd6 8. f4
O-O 9. Qf3 Nfd7 10. Qh3 f5 11. g4 g6 12. gxf5 exf5 13. Rg1 Qf6 14. Ndf3 Bxe5
15. fxe5 Qg7 16. Bd2 Na6 17. O-O-O Nc7 18. Nh4 Qh6 19. e4 f4 20. exd5 Bc8 21.
e6 Nf6 22. Bxg6 1-0

[Event "Bad Woerishofen op"]
[Site "Bad Woerishofen"]
[Date "2000.??.??"]
[Round "9"]
[White "Schmid, Hermann"]
[Black "Potthammel, Joere"]
[Result "1/2-1/2"]
[WhiteElo "2200"]
[BlackElo "1907"]
[Annotator "ChessOrg"]
[PlyCount "86"]
[EventDate "1998.03.05"]
[Source "ChessBase"]
[SourceDate "1998.04.29"]

1. d4 Nf6 2. Nf3 g6 3. Bf4 Bg7 4. e3 d5 5. h3 O-O 6. Bd3 c5 7. c3 b6 8. O-O
Nbd7 9. Nbd2 Bb7 10. Ne5 e6 11. Qa4 Nxe5 12. Bxe5 cxd4 13. cxd4 Ne4 14. Bxg7
Kxg7 15. Bxe4 dxe4 16. Rac1 Bd5 17. Rc3 a6 18. Rfc1 Ra7 19. Qc2 Qa8 20. a3 Rd8
21. Rc7 Rxc7 22. Qxc7 Qb8 23. Kf1 Qxc7 24. Rxc7 a5 25. Nb1 b5 26. Nd2 Rd6 27.
Rc5 Rb6 28. Ke1 f5 29. Kd1 g5 30. Kc2 Kg6 31. a4 bxa4 32. Rxa5 Rc6+ 33. Rc5 Ra6
34. Nb1 h5 35. g3 Ra7 36. Nc3 a3 37. bxa3 Rxa3 38. Nxd5 exd5 39. Kd2 f4 40.
gxf4 gxf4 41. Rxd5 Ra2+ 42. Ke1 Ra1+ 43. Kd2 Ra2+ 1/2-1/2